Marketing for hospitality and tourism. / (Record no. 8151)

MARC details
000 -LEADER
fixed length control field 02012cam a2200373 i 4500
001 - CONTROL NUMBER
control field 17568226
003 - CONTROL NUMBER IDENTIFIER
control field OSt
005 - DATE AND TIME OF LATEST TRANSACTION
control field 20211129112024.0
008 - FIXED-LENGTH DATA ELEMENTS--GENERAL INFORMATION
fixed length control field 121219s2014 maua b 001 0 eng
010 ## - LIBRARY OF CONGRESS CONTROL NUMBER
LC control number 2012037955
020 ## - INTERNATIONAL STANDARD BOOK NUMBER
International Standard Book Number 97801292020037
020 ## - INTERNATIONAL STANDARD BOOK NUMBER
International Standard Book Number 1292020032
040 ## - CATALOGING SOURCE
Original cataloging agency DLC
Language of cataloging eng
Transcribing agency LC
Description conventions rda
Modifying agency DLC
042 ## - AUTHENTICATION CODE
Authentication code pcc
050 00 - LIBRARY OF CONGRESS CALL NUMBER
Classification number TX911.3.M3.K68(6e)
082 00 - DEWEY DECIMAL CLASSIFICATION NUMBER
Classification number 338.4/791068
Edition number 23
100 1# - MAIN ENTRY--PERSONAL NAME
Personal name Kotler, Philip.
245 10 - TITLE STATEMENT
Title Marketing for hospitality and tourism. /
Statement of responsibility, etc. Philip Kotler, John T. Bowen, James C. Makens.
250 ## - EDITION STATEMENT
Edition statement 6th ed.
264 #1 - PRODUCTION, PUBLICATION, DISTRIBUTION, MANUFACTURE, AND COPYRIGHT NOTICE
Place of production, publication, distribution, manufacture Harlow:
Name of producer, publisher, distributor, manufacturer Pearson,
Date of production, publication, distribution, manufacture, or copyright notice 2014.
300 ## - PHYSICAL DESCRIPTION
Extent ii, 629 pages :
Other physical details color illustrations ;
Dimensions 29 cm
336 ## - CONTENT TYPE
Content type term text
Source rdacontent
337 ## - MEDIA TYPE
Media type term unmediated
Source rdamedia
338 ## - CARRIER TYPE
Carrier type term volume
Source rdacarrier
504 ## - BIBLIOGRAPHY, ETC. NOTE
Bibliography, etc. note Includes bibliographical references and index.
505 ## - FORMATTED CONTENTS NOTE
Formatted contents note Contents: Introduction: marketing for hospitality and tourism -- Service characteristics of hospitality and tourism marketing -- The marketing environment -- The role of marketing in strategic planning -- Marketing information systems and marketing research -- Consumer markets and consumer buying behavior -- Organizational buyer behavior of group market -- Market segmentation, targeting and positioning -- Designing and managing products -- Internal marketing -- Pricing products: pricing considerations, approaches and strategy -- Distribution channels -- Promoting products: communication and promotion policy and advertising -- Promoting products: public relations and sales promotion -- Professional sales -- Direct and online marketing: building customer relationships -- Destination marketing -- Next year's marketing plan --
650 #0 - SUBJECT ADDED ENTRY--TOPICAL TERM
Topical term or geographic name entry element Hospitality industry
General subdivision Marketing.
650 #0 - SUBJECT ADDED ENTRY--TOPICAL TERM
Topical term or geographic name entry element Tourism
General subdivision Marketing.
700 1# - ADDED ENTRY--PERSONAL NAME
Fuller form of name Bowen, John T.
700 1# - ADDED ENTRY--PERSONAL NAME
Fuller form of name Makens, James C.
906 ## - LOCAL DATA ELEMENT F, LDF (RLIN)
a 7
b cbc
c orignew
d 1
e ecip
f 20
g y-gencatlg
942 ## - ADDED ENTRY ELEMENTS (KOHA)
Source of classification or shelving scheme Library of Congress Classification
Koha item type Books
Holdings
Withdrawn status Lost status Source of classification or shelving scheme Damaged status Not for loan Home library Current library Shelving location Date acquired Full call number Barcode Date last seen Copy number Price effective from Koha item type
    Library of Congress Classification     WISCONSIN INTERNATIONAL UNIVERSITY COLLEGE, GHANA KUMASI LIBRARY WISCONSIN INTERNATIONAL UNIVERSITY COLLEGE, GHANA KUMASI LIBRARY General Stacks 07/11/2019 TX911.3.M3.K68(6e) K/1619/1619/19 29/11/2021 1 29/11/2021 Books
    Library of Congress Classification     WISCONSIN INTERNATIONAL UNIVERSITY COLLEGE, GHANA KUMASI LIBRARY WISCONSIN INTERNATIONAL UNIVERSITY COLLEGE, GHANA KUMASI LIBRARY General Stacks 07/11/2019 TX911.3.M3.K681(6e) K/1620/1620/19 29/11/2021 2 29/11/2021 Books

If you have any concerns or questions; kindly contact the library


© Powered by WIUC ICT DIRECTORATE